000 01342cam a22003254a 4500
001 13195980
003 OSt
005 20211115152017.0
008 030513s2003 utu 000 0deng
010 _a 2003010945
020 _a0874807719 (pbk. : alk. paper)
040 _aDLC
_cHU
_dDLC
042 _apcc
043 _an-us-co
_an-us-nm
_an-cn---
050 0 0 _aQH105.C6
_bC26 2003
082 0 0 _a508.7
_221
100 1 _aCampbell, SueEllen.
_918430
245 1 0 _aEven mountains vanish :
_bsearching for solace in an age of extinction /
_cSueEllen Campbell.
260 _aSalt Lake City :
_bUniversity of Utah Press,
_cc2003.
300 _ax, 141 p. ;
_c21 cm.
505 0 _aThe voice of the crane -- The edge of winter -- String games -- The world is a nest.
600 1 0 _aCampbell, SueEllen.
_918430
650 0 _aNatural history
_zColorado.
_918431
650 0 _aNatural history
_zNew Mexico.
_918432
650 0 _aNatural history
_zCanada, Northern.
_918433
856 4 1 _3Table of contents
_uhttp://www.loc.gov/catdir/toc/ecip044/2003010945.html
906 _a7
_bcbc
_corignew
_d1
_eecip
_f20
_gy-gencatlg
942 _2ddc
_cBOOKS
_n0
999 _c18296
_d18296